| 000 | 00333nam a2200133Ia 4500 | ||
|---|---|---|---|
| 005 | 20260328101506.0 | ||
| 008 | 260328s9999||||xx |||||||||||||| ||und|| | ||
| 100 | _aPapadaki, Stamo | ||
| 245 | 0 |
_aOscar Niemeyer : _b Works in progress / _cStamo Papadaki |
|
| 260 | _bReinhold | ||
| 300 | _a192 p. | ||
| 650 | _aARQUITECTOS | ||
| 942 | _cBK | ||
| 999 |
_c9025 _d9025 |
||